María la noche

محفوظ في:
التفاصيل البيبلوغرافية
المؤلف الرئيسي: Rossi, Anacristina
التنسيق: كتاب
اللغة:Undetermined
منشور في: San José, Costa Rica Editorial Costa Rica 2006
الطبعة:2
الموضوعات:
الوسوم: إضافة وسم
لا توجد وسوم, كن أول من يضع وسما على هذه التسجيلة!

MARC

LEADER 00000nam a2200000Ia 4500
008 170316s9999 xx 000 0 und d
040 |a cru BVZT 
090 |a 868 R-11m 
100 |a Rossi, Anacristina 
245 |a María la noche 
250 |a 2 
260 |a San José, Costa Rica 
260 |b Editorial Costa Rica 
260 |c 2006 
300 |a 276 páginas 
650 |a LITERATURA COSTARRICENSE 
650 |a NOVELA COSTARRICENSE 
999 |c 11486  |d 11486 
942 |c 15 D  |h 868 R-11m  |2 z